| 000 | 00886nam a2200253 a 4500 | ||
|---|---|---|---|
| 001 | 000020007 | ||
| 005 | 20200929170228.0 | ||
| 008 | 100709s1947 ag 001 j spa d | ||
| 040 |
_aDO-SdBNP _bspa _cBNPHU |
||
| 082 |
_a863.6 _bE77c, 1947 |
||
| 245 | 0 | 0 |
_aCuentos populares de Castilla / _cintroducción de Aurelio M. Espinosa, hijo. |
| 250 | _a2a ed. | ||
| 260 |
_aBuenos Aires, Argentina : _bEspasa-Calpe Argentina, _c1947. |
||
| 300 |
_a201 p. ; _c18 cm. |
||
| 490 | 1 |
_aAustral. Azul: novelas y cuentos en general _v645 |
|
| 504 | _aInluye índice de autores. | ||
| 650 | 4 |
_aCuentos españoles _93194 |
|
| 650 | 4 |
_aCuentos populares españoles _99711 |
|
| 650 | 4 |
_aLiteratura española _9632 |
|
| 700 | 1 |
_aEspinosa, Aurelio M., _eintrod. _942605 |
|
| 830 | 0 |
_aAustral. _pAzul: novelas y cuentos en general; _v645 _922386 |
|
| 910 | _acatalogacion por copia WM | ||
| 049 | _aBNGR | ||
| 999 |
_c19519 _d19519 |
||